Conan Gray - Summer Child - All lyrics - Statistics

General Stats
  • This quiz has been taken 21 times
  • The average score is 153 of 181
Answer Stats
Answer % Correct
child
100%
Oh,
100%
summer
100%
You
100%
you
100%
your
100%
Your
100%
arms
89%
awfully
89%
color
89%
cover
89%
degree
89%
Even
89%
favorite
89%
green
89%
green?
89%
heat
89%
hundred
89%
in
89%
is
89%
It
89%
it
89%
me
89%
of
89%
on
89%
reminds
89%
sleeves
89%
the
89%
The
89%
three
89%
turned
89%
up
89%
with
89%
act
78%
all
78%
And
78%
and
78%
Aren't
78%
aren't
78%
as
78%
behind
78%
busy
78%
But
78%
care
78%
dark
78%
darkness
78%
deep?
78%
don't
78%
drives
78%
everybody
78%
eyes
78%
father
78%
feel
78%
flowers
78%
for
78%
goes
78%
have
78%
just
78%
laugh
78%
like
78%
love
78%
lyin',
78%
mean
78%
mild
78%
missing,
78%
oceans
78%
pretty?
78%
really
78%
Runnin'
78%
scared
78%
see
78%
sleep
78%
street
78%
Sun,
78%
Sun
78%
sway
78%
take
78%
takin'
78%
there's
78%
those
78%
through
78%
to
78%
To
78%
too
78%
trees
78%
was
78%
way
78%
when
78%
When
78%
wild
78%
wind
78%
You're
78%
yourself?
78%
dance
67%
hug
67%
I'll
67%
kiss
67%
smile
67%
sprinklers
67%
watch
67%
weeds
67%
weep
56%
No matching quizzes found
Score Distribution
Percent of People with Each Score
Percentile by Number Answered
Your Score History
You have not taken this quiz